[Event "XXXIII Festival A"]
[Site "Arco ITA"]
[Date "2011.10.22"]
[Round "1"]
[White "Helbig, Dieter"]
[Black "Karl, Hans"]
[Result "0-1"]
[WhiteElo "1877"]
[BlackElo "2201"]
[PlyCount "53"]
[EventDate "2011.10.22"]

1. c4 Nf6 2. Nc3 g6 3. g3 Bg7 4. Bg2 O-O 5. d4 d6 6. Nf3 c6 7. e4 Bg4 8. O-O
Nbd7 9. Be3 e5 10. Qd2 Re8 11. Bg5 Qa5 12. Qd3 Bxf3 13. b4 Qc7 14. Bxf3 exd4
15. Na4 Ne5 16. Qd1 Nxf3+ 17. Qxf3 Nxe4 18. Bf4 Qd7 19. Rae1 Qf5 20. g4 Nd2 21.
Qg3 Nxf1 22. Rxf1 Qc2 23. Qb3 Qxb3 24. axb3 d3 25. Rd1 b5 26. Rxd3 bxa4 27.
bxa4 0-1

[Event "XXXIII Festival A"]
[Site "Arco ITA"]
[Date "2011.10.22"]
[Round "1"]
[White "Hilbenz, Guntram"]
[Black "Kern, Beat"]
[Result "1-0"]
[WhiteElo "1924"]
[BlackElo "1691"]
[PlyCount "89"]
[EventDate "2011.10.22"]

1. c4 e5 2. g3 Nf6 3. Bg2 c6 4. d4 exd4 5. Qxd4 d6 6. Nc3 Be7 7. Nf3 O-O 8. O-O
Be6 9. Ng5 Qd7 10. Nxe6 Qxe6 11. e4 Qe5 12. Qd3 Qa5 13. b3 Nbd7 14. Bb2 Rad8
15. Rad1 Rfe8 16. h3 Qc7 17. Rd2 a6 18. Rfd1 Ne5 19. Qc2 Qa5 20. Ne2 Ned7 21.
Nd4 g6 22. Kh2 Bf8 23. a3 Qc7 24. b4 c5 25. Ne2 cxb4 26. axb4 Rc8 27. Rc1 Qb6
28. Qa4 Qc6 29. b5 axb5 30. cxb5 Qb6 31. Rxc8 Rxc8 32. Bd4 Nc5 33. Qa1 Nb3 34.
Bxb6 Nxa1 35. Ra2 Nd7 36. Bd4 Nb3 37. Be3 Nbc5 38. f4 Re8 39. Nc3 Bg7 40. Rc2
b6 41. Nd5 Ra8 42. e5 dxe5 43. Ne7+ Kf8 44. Nxg6+ hxg6 45. Bxa8 1-0

[Event "XXXIII Festival A"]
[Site "Arco ITA"]
[Date "2011.10.22"]
[Round "1"]
[White "Huemmer, Bernd"]
[Black "Schaberg, Wolfgang"]
[Result "1-0"]
[WhiteElo "2218"]
[BlackElo "1880"]
[PlyCount "97"]
[EventDate "2011.10.22"]

1. Nf3 d5 2. d4 Nf6 3. Bg5 e6 4. e3 Be7 5. Bd3 Nbd7 6. Nbd2 O-O 7. c3 c5 8. O-O
Re8 9. Ne5 Nxe5 10. dxe5 Nd7 11. Bxe7 Qxe7 12. f4 b6 13. Qh5 g6 14. Qh6 Bb7 15.
Rae1 f6 16. exf6 Nxf6 17. Nf3 Qg7 18. Qh3 Nd7 19. Bb5 Rad8 20. Bxd7 Rxd7 21.
Ne5 Rd6 22. Rd1 Red8 23. Qg4 Qf6 24. Rf2 Kg7 25. h4 Qf5 26. Qg5 Qf6 27. h5 Rf8
28. Qg3 Rdd8 29. Rdf1 Qf5 30. Qh4 Qf6 31. Qh2 Qf5 32. Qh4 Qf6 33. Qg5 Ba6 34.
h6+ Kg8 35. Qxf6 Rxf6 36. Rd1 Bc8 37. g4 Rff8 38. Kg2 Bb7 39. Kg3 Rd6 40. g5
Rfd8 41. Rfd2 Kf8 42. a3 Ke7 43. Ng4 Rf8 44. e4 a5 45. exd5 Rxd5 46. Nf6 Rxf6
47. gxf6+ Kxf6 48. c4 Rxd2 49. Rxd2 1-0

[Event "XXXIII Festival A"]
[Site "Arco ITA"]
[Date "2011.10.22"]
[Round "1"]
[White "Huss, Rolf"]
[Black "Del Nevo, Claudio"]
[Result "1-0"]
[WhiteElo "2163"]
[BlackElo "1831"]
[PlyCount "91"]
[EventDate "2011.10.22"]

1. d4 d6 2. Nf3 Nf6 3. c4 g6 4. Nc3 c6 5. g3 Bg7 6. Bg2 O-O 7. O-O Nbd7 8. e4
Qc7 9. Re1 e5 10. h3 a6 11. Be3 b6 12. b4 Bb7 13. c5 dxc5 14. dxc5 b5 15. a4
Rfd8 16. Qc2 Nf8 17. axb5 axb5 18. Ra2 Ne6 19. Rea1 Rxa2 20. Rxa2 Nd4 21. Qb1
Nxf3+ 22. Bxf3 Nd7 23. Bg5 Bf6 24. Qc1 Bxg5 25. Qxg5 f6 26. Qe3 Nb8 27. Bg4 Bc8
28. Qf3 Bxg4 29. Qxg4 Kf7 30. Ne2 Qd7 31. Qxd7+ Nxd7 32. Ra7 Ke6 33. Rc7 Nb8
34. f4 Rd7 35. Rc8 Rd2 36. Kf2 Nd7 37. Rxc6+ Ke7 38. Ke3 Rb2 39. Nc3 Kf7 40.
Rc7 Ke8 41. Nd5 Kd8 42. Ra7 Nb8 43. Ra8 Kc8 44. c6 Rc2 45. c7 Rxc7 46. Nxc7 1-0

[Event "XXXIII Festival A"]
[Site "Arco ITA"]
[Date "2011.10.22"]
[Round "1"]
[White "Joerges, Frank"]
[Black "Bottesi, Gianluca"]
[Result "1-0"]
[WhiteElo "1923"]
[BlackElo "1674"]
[PlyCount "49"]
[EventDate "2011.10.22"]

1. d4 d6 2. c4 e5 3. d5 f5 4. Nc3 Nf6 5. Bg5 Be7 6. Bxf6 Bxf6 7. e4 O-O 8. Be2
fxe4 9. Nxe4 Bf5 10. Bf3 Nd7 11. Ne2 Bxe4 12. Bxe4 Nc5 13. Bc2 e4 14. Rb1 e3
15. O-O Qe7 16. b4 exf2+ 17. Rxf2 Ne4 18. Qd3 Ng5 19. h4 g6 20. hxg5 Bxg5 21.
Rxf8+ Rxf8 22. Qe4 Be3+ 23. Kh1 Rf5 24. Ng3 Rf4 25. Qxe7 1-0

[Event "XXXIII Festival A"]
[Site "Arco ITA"]
[Date "2011.10.22"]
[Round "1"]
[White "Kierzek, Mira"]
[Black "Sigmund, Ingenuin"]
[Result "1-0"]
[WhiteElo "2023"]
[BlackElo "1788"]
[PlyCount "117"]
[EventDate "2011.10.22"]

1. c4 Nf6 2. Nf3 g6 3. Nc3 Bg7 4. g3 O-O 5. Bg2 c6 6. e4 d6 7. O-O Bg4 8. h3
Bxf3 9. Bxf3 e5 10. d3 Na6 11. Be3 Nc7 12. Qb3 Qc8 13. Kh2 Ne6 14. Bg2 Nd7 15.
Ne2 Kh8 16. f4 exf4 17. Nxf4 Ndc5 18. Qc2 Nd4 19. Qd2 Qd7 20. Rad1 Rae8 21. Ne2
Nce6 22. Nc3 b5 23. cxb5 Nxb5 24. Rc1 Nbd4 25. b3 f5 26. Bh6 Nc5 27. Bxg7+ Kxg7
28. exf5 Nxf5 29. Ne4 Qe7 30. Nxc5 dxc5 31. Bxc6 Rd8 32. Qc3+ Rf6 33. Be4 Qd6
34. Bxf5 gxf5 35. Rxf5 Kg6 36. Rxf6+ Qxf6 37. Qxf6+ Kxf6 38. Rxc5 Rxd3 39. Rc2
h5 40. h4 Kf5 41. Kh3 Rd7 42. Rc6 Ke4 43. Rc5 Rh7 44. b4 Rh6 45. a4 a6 46. b5
axb5 47. axb5 Kf3 48. Rc6 Rh8 49. b6 Rd8 50. Rf6+ Ke4 51. b7 Kd5 52. Rb6 Rb8
53. Rb5+ Kd6 54. Rxh5 Rxb7 55. Rf5 Ke6 56. Rf3 Ke5 57. h5 Ke4 58. Rf1 Ke5 59.
Kh4 1-0

[Event "XXXIII Festival A"]
[Site "Arco ITA"]
[Date "2011.10.22"]
[Round "1"]
[White "Knitl, Anton"]
[Black "Papa, Angelo"]
[Result "1/2-1/2"]
[WhiteElo "2188"]
[BlackElo "1848"]
[PlyCount "42"]
[EventDate "2011.10.22"]

1. d4 g6 2. e4 Bg7 3. Nc3 c6 4. Be3 Qb6 5. Rb1 d6 6. h3 Nd7 7. Nf3 Qc7 8. Qd2
Ngf6 9. Bh6 O-O 10. Bxg7 Kxg7 11. Be2 b5 12. b4 Bb7 13. O-O a6 14. Rfe1 e5 15.
Bf1 Rfe8 16. dxe5 dxe5 17. a4 Rac8 18. Qe3 Nf8 19. Nd2 Ne6 20. Nb3 Qe7 21. Na5
Nd4 1/2-1/2

[Event "XXXIII Festival A"]
[Site "Arco ITA"]
[Date "2011.10.22"]
[Round "1"]
[White "Knors, Rudi"]
[Black "Iacchetti, Giovanni"]
[Result "1-0"]
[WhiteElo "2125"]
[BlackElo "1814"]
[PlyCount "51"]
[EventDate "2011.10.22"]

1. d4 d6 2. e4 Nf6 3. Nc3 g6 4. Be3 Bg7 5. f3 c6 6. Qd2 b5 7. Nge2 Nbd7 8. g4
Nb6 9. Ng3 b4 10. Nd1 a5 11. Bh6 O-O 12. Bxg7 Kxg7 13. h4 Qc7 14. h5 Rh8 15.
hxg6 fxg6 16. Qh6+ Kf7 17. Ne3 Be6 18. g5 Nfd7 19. f4 d5 20. e5 Nc4 21. Nxc4
dxc4 22. f5 Bd5 23. e6+ Kg8 24. Rh3 Nf8 25. fxg6 Bxe6 26. Nh5 1-0

[Event "XXXIII Festival A"]
[Site "Arco ITA"]
[Date "2011.10.22"]
[Round "1"]
[White "Ledent, Philippe"]
[Black "Medancic, Rikard"]
[Result "0-1"]
[WhiteElo "1887"]
[BlackElo "2266"]
[PlyCount "80"]
[EventDate "2011.10.22"]

1. d4 Nf6 2. c4 e6 3. Nc3 Bb4 4. Qc2 O-O 5. Bg5 d5 6. e3 Nbd7 7. cxd5 exd5 8.
a3 Be7 9. Nf3 c6 10. Bd3 Re8 11. O-O h6 12. Bh4 Ne4 13. Bxe7 Qxe7 14. b4 g5 15.
b5 g4 16. bxc6 bxc6 17. Nd2 Nxc3 18. Qxc3 c5 19. dxc5 Qxc5 20. Qxc5 Nxc5 21.
Bb5 Rd8 22. Rfd1 Rb8 23. Bf1 Be6 24. Rab1 Kg7 25. g3 Kf6 26. Bg2 Ke5 27. Rdc1
Rxb1 28. Nxb1 Rb8 29. Nd2 Rb2 30. Rxc5 Rxd2 31. Ra5 Rd1+ 32. Bf1 Bf5 33. Kg2
Be4+ 34. f3 gxf3+ 35. Kf2 Rd2+ 36. Ke1 Rb2 37. Rxa7 f2+ 38. Kd1 f5 39. Rc7 Ra2
40. Rc3 Bf3+ 0-1

[Event "XXXIII Festival A"]
[Site "Arco ITA"]
[Date "2011.10.22"]
[Round "1"]
[White "Lezzerini, Marco"]
[Black "Riepma, Henk"]
[Result "1/2-1/2"]
[WhiteElo "1797"]
[BlackElo "2073"]
[PlyCount "120"]
[EventDate "2011.10.22"]

1. c4 e5 2. g3 Nf6 3. Bg2 Nc6 4. Nc3 d6 5. d3 Be7 6. Nf3 Bg4 7. h3 Be6 8. O-O
h6 9. b4 Qd7 10. b5 Nd8 11. Kh2 g5 12. Ne1 h5 13. Nc2 h4 14. g4 Bxg4 15. Bxg5
Be6 16. Bxf6 Bxf6 17. Ne4 Be7 18. Qd2 Rg8 19. Qh6 f5 20. Nf6+ Bxf6 21. Qxf6 Qe7
22. Qxe7+ Kxe7 23. Rg1 a6 24. a4 Kf6 25. Nb4 a5 26. Nd5+ Bxd5 27. Bxd5 Rxg1 28.
Rxg1 c6 29. Bg8 cxb5 30. cxb5 Rc8 31. Bc4 Ne6 32. Bxe6 Kxe6 33. Rg6+ Kd5 34.
Rh6 Rc2 35. Rxh4 Rxe2 36. Kg2 Rd2 37. Rh7 Rxd3 38. Rxb7 Rd4 39. Kg3 Rxa4 40. h4
Rg4+ 41. Kh3 Kc5 42. h5 a4 43. b6 Kc6 44. Rb8 Rg5 45. Kh4 Rg2 46. h6 a3 47. Ra8
a2 48. Rxa2 Kxb6 49. Ra3 Rg8 50. Rc3 d5 51. Kh5 d4 52. Rc1 d3 53. h7 Rf8 54.
Kg5 f4 55. Rd1 e4 56. h8=Q Rxh8 57. Kxf4 Rh4+ 58. Ke3 Kc5 59. f3 Kc4 60. Rc1+
Kd5 1/2-1/2

[Event "XXXIII Festival A"]
[Site "Arco ITA"]
[Date "2011.10.22"]
[Round "1"]
[White "Ludwig, Timm"]
[Black "Perich, Stefano"]
[Result "0-1"]
[WhiteElo "1700"]
[BlackElo "1931"]
[PlyCount "52"]
[EventDate "2011.10.22"]

1. d4 c5 2. Nf3 Nf6 3. c3 e6 4. Bg5 d5 5. Nbd2 h6 6. Bh4 Nc6 7. e3 a6 8. a4 c4
9. Be2 Rb8 10. O-O b5 11. Ne5 Nxe5 12. dxe5 g5 13. Bg3 Nd7 14. f4 Bc5 15. Bf2
Qb6 16. e4 Bxf2+ 17. Rxf2 gxf4 18. exd5 Nxe5 19. Kf1 Qe3 20. Bh5 O-O 21. Re2
Qd3 22. Kg1 Qxd5 23. Re4 Nd3 24. Qg4+ Qg5 25. Rb1 Qxg4 26. Bxg4 f5 0-1

[Event "XXXIII Festival A"]
[Site "Arco ITA"]
[Date "2011.10.22"]
[Round "1"]
[White "Marshall, Michael"]
[Black "Valsecchi, Alessio"]
[Result "0-1"]
[WhiteElo "1894"]
[BlackElo "2338"]
[PlyCount "60"]
[EventDate "2011.10.22"]

1. c4 e5 2. g3 Nc6 3. Bg2 f5 4. Nc3 Nf6 5. d3 Bc5 6. e3 O-O 7. Nge2 d6 8. O-O
Qe8 9. a3 f4 10. Na4 Qh5 11. f3 Bxe3+ 12. Bxe3 fxe3 13. Nac3 Bh3 14. Qc1 Bxg2
15. Kxg2 Nd4 16. Nxd4 exd4 17. Ne2 c5 18. b4 Nd7 19. Qc2 Ne5 20. Ng1 Rae8 21.
Qe2 a6 22. bxc5 dxc5 23. Rab1 Qg6 24. Rbd1 b5 25. cxb5 axb5 26. Nh3 Ra8 27. f4
Nf7 28. Ra1 c4 29. dxc4 Qc6+ 30. Kg1 bxc4 0-1

[Event "XXXIII Festival A"]
[Site "Arco ITA"]
[Date "2011.10.22"]
[Round "1"]
[White "Martinez, Guido"]
[Black "Zahn, Alina"]
[Result "1-0"]
[WhiteElo "1912"]
[BlackElo "1640"]
[PlyCount "57"]
[EventDate "2011.10.22"]

1. d4 d5 2. c4 e6 3. Nc3 Nf6 4. Nf3 Nbd7 5. Bf4 dxc4 6. e4 Bb4 7. Qc2 b5 8. Rd1
Bb7 9. Nd2 a6 10. Be2 h6 11. O-O O-O 12. a4 c6 13. b3 Bxc3 14. Qxc3 cxb3 15.
Qxb3 Nb6 16. a5 Na4 17. Qb4 Rc8 18. Bd6 Re8 19. Bf3 Nd7 20. Nb3 Qg5 21. Nc5
Naxc5 22. dxc5 Red8 23. Qc3 Nf8 24. Rd3 Rd7 25. h4 Qd8 26. Rfd1 Ba8 27. Bxf8
Kxf8 28. Rxd7 Qxh4 29. Qd4 1-0

[Event "XXXIII Festival A"]
[Site "Arco ITA"]
[Date "2011.10.22"]
[Round "1"]
[White "Mastroddi, Giuseppe"]
[Black "Teodonio, Fabrizio"]
[Result "1/2-1/2"]
[WhiteElo "1710"]
[BlackElo "1944"]
[PlyCount "60"]
[EventDate "2011.10.22"]

1. d4 d5 2. Nf3 Nf6 3. e3 Bf5 4. Bd3 Ne4 5. O-O e6 6. b3 Bd6 7. Bb2 Nd7 8. Nbd2
O-O 9. Ne5 f6 10. Nxd7 Qxd7 11. f3 Nxd2 12. Qxd2 Bxd3 13. cxd3 c5 14. f4 Rac8
15. Rac1 b6 16. dxc5 Bxc5 17. d4 Bd6 18. Rxc8 Rxc8 19. Rc1 Rxc1+ 20. Qxc1 Qc7
21. Qxc7 Bxc7 22. h3 b5 23. Kf2 Kf7 24. g4 f5 25. Kf3 h6 26. Bc3 g5 27. fxg5
hxg5 28. Bd2 Kf6 29. Be1 e5 30. dxe5+ Bxe5 1/2-1/2

[Event "XXXIII Festival A"]
[Site "Arco ITA"]
[Date "2011.10.22"]
[Round "1"]
[White "Mircoli, Filippo"]
[Black "Pipitone, Antonio"]
[Result "1-0"]
[WhiteElo "1747"]
[BlackElo "1971"]
[PlyCount "79"]
[EventDate "2011.10.22"]

1. e4 c5 2. Nf3 Nc6 3. d4 cxd4 4. Nxd4 Nf6 5. Nc3 d6 6. Be3 e6 7. Be2 Be7 8.
O-O O-O 9. f4 Qc7 10. Bf3 Nxd4 11. Bxd4 e5 12. Be3 exf4 13. Bxf4 Be6 14. Nd5
Bxd5 15. exd5 Rfc8 16. c3 Qb6+ 17. Rf2 Rc4 18. Qd2 Ne4 19. Bxe4 Rxe4 20. Re1
Rxe1+ 21. Qxe1 Bf6 22. Kh1 Be5 23. Bxe5 dxe5 24. Rd2 Qd6 25. h3 f5 26. c4 Rc8
27. b3 b6 28. Qh4 g6 29. Rf2 Kg7 30. Qg5 h6 31. Qd2 a5 32. Qb2 Kf6 33. g4 b5
34. gxf5 gxf5 35. Qc2 f4 36. Rg2 Qd7 37. Qg6+ Ke7 38. Qxh6 Rf8 39. Rg7+ Rf7 40.
d6+ 1-0

[Event "XXXIII Festival A"]
[Site "Arco ITA"]
[Date "2011.10.22"]
[Round "1"]
[White "Morselli, Stefano"]
[Black "Eschweiler, Markus"]
[Result "1-0"]
[WhiteElo "1909"]
[BlackElo "1548"]
[PlyCount "59"]
[EventDate "2011.10.22"]

1. Nf3 g6 2. g3 Bg7 3. Bg2 Nf6 4. O-O O-O 5. d3 d6 6. e4 e5 7. Nc3 b6 8. Nh4
Bb7 9. f4 Nc6 10. f5 Ne7 11. Bg5 d5 12. exd5 Nexd5 13. Qe1 Qd6 14. Rd1 Nxc3 15.
Bxb7 Nxd1 16. Bxa8 Rxa8 17. Qxd1 Nd5 18. Qf3 f6 19. fxg6 fxg5 20. Qf7+ Kh8 21.
Nf5 Qxg6 22. Qxd5 Rf8 23. g4 Qf7 24. Qe4 c5 25. Ng3 Qe7 26. Rxf8+ Bxf8 27. Nf5
Qf7 28. Qxe5+ Bg7 29. Qb8+ Bf8 30. Qa8 1-0

[Event "XXXIII Festival A"]
[Site "Arco ITA"]
[Date "2011.10.22"]
[Round "1"]
[White "Mulone, Gaspare"]
[Black "Wagner, Frank"]
[Result "1/2-1/2"]
[WhiteElo "1628"]
[BlackElo "1910"]
[PlyCount "83"]
[EventDate "2011.10.22"]

1. e4 c5 2. Nf3 Nc6 3. d4 cxd4 4. Nxd4 e5 5. Nxc6 bxc6 6. Be3 Nf6 7. f3 a5 8.
Be2 Ba6 9. O-O Bxe2 10. Qxe2 Be7 11. Nc3 O-O 12. Na4 d5 13. exd5 cxd5 14. c3
Rb8 15. Rfd1 Qc7 16. Qf2 e4 17. Bd4 exf3 18. Qxf3 Ne4 19. Qf5 Qc6 20. Be3 Qxa4
21. Rxd5 Nf6 22. Rxa5 Qc4 23. Qe5 Rfe8 24. b3 Qc6 25. Bc5 Bd8 26. Qxb8 Bxa5 27.
Qd6 Qxd6 28. Bxd6 Bxc3 29. Rb1 Ne4 30. Bf4 g5 31. Be3 f5 32. g3 Kf7 33. b4 Ra8
34. b5 Rxa2 35. b6 Rb2 36. Rxb2 Bxb2 37. b7 Be5 38. Ba7 h5 39. b8=Q Bxb8 40.
Bxb8 Ke6 41. Ba7 Kd5 42. Kg2 1/2-1/2

[Event "XXXIII Festival A"]
[Site "Arco ITA"]
[Date "2011.10.22"]
[Round "1"]
[White "Nanni, Sergio"]
[Black "Trimarchi, Giuseppe"]
[Result "0-1"]
[WhiteElo "1688"]
[BlackElo "1923"]
[PlyCount "126"]
[EventDate "2011.10.22"]

1. e4 e5 2. Nc3 Nc6 3. Bc4 Nf6 4. d3 Bb4 5. a3 Bxc3+ 6. bxc3 h6 7. f4 O-O 8.
Nf3 d6 9. O-O Re8 10. fxe5 dxe5 11. Qe1 Be6 12. Bxh6 Nh5 13. Bg5 f6 14. Qh4 g6
15. Be3 Bxc4 16. dxc4 Qe7 17. g4 Nf4 18. Nd2 g5 19. Qe1 Qh7 20. Bxf4 exf4 21.
Rb1 Qh3 22. Qe2 Ne5 23. Rf2 Qxg4+ 24. Kh1 Qxe2 25. Rxe2 b6 26. Rg1 Kf7 27. Nb3
Nxc4 28. Nd4 c5 29. Nb5 Re7 30. e5 Rxe5 31. Rxe5 Nxe5 32. Nd6+ Ke6 33. Ne4 Rd8
34. Re1 Kf5 35. Nf2 Rd2 36. Rf1 Rxc2 37. Nd1 g4 38. Ne3+ Ke4 39. Nxc2 f3 40.
Kg1 Kd3 41. Rf2 Kxc3 42. Ne3 Kd4 43. Nxg4 Nxg4 44. Rxf3 Ke4 45. Rg3 Kf4 46. Rd3
Ne5 47. Rd8 c4 48. Kf2 Ke4 49. Ke2 f5 50. h4 f4 51. h5 f3+ 52. Kf2 Nd3+ 53. Kf1
c3 54. h6 c2 55. Rc8 Nc5 56. Re8+ Kf5 57. Re1 Kg6 58. Rc1 Kxh6 59. Rxc2 Kg5 60.
Kf2 Kf4 61. a4 Ne4+ 62. Kf1 Ke3 63. Ra2 Nd2+ 0-1

[Event "XXXIII Festival A"]
[Site "Arco ITA"]
[Date "2011.10.22"]
[Round "1"]
[White "Negro, Raffaele"]
[Black "Thonig, Manfred"]
[Result "1-0"]
[WhiteElo "1915"]
[BlackElo "1647"]
[PlyCount "64"]
[EventDate "2011.10.22"]

1. d4 e6 2. Nf3 f5 3. Nc3 Nf6 4. Bf4 Bb4 5. a3 Bxc3+ 6. bxc3 Ne4 7. Bd2 O-O 8.
g3 d5 9. Bg2 Nd7 10. O-O Ndf6 11. Ne5 Nxd2 12. Qxd2 Ne4 13. Qd3 Bd7 14. Rab1 b6
15. c4 c6 16. f3 Nf6 17. c5 b5 18. Nxc6 Qe8 19. Ne5 a6 20. Qc3 Bc6 21. Qa5 b4
22. Nxc6 Qxc6 23. Rxb4 Nd7 24. f4 Rfc8 25. Rfb1 Ra7 26. e3 Qa8 27. c4 Nf6 28.
Rb6 Kf7 29. c6 Rcc7 30. cxd5 exd5 31. Bxd5+ Nxd5 32. Qxd5+ Kg6 1-0

[Event "XXXIII Festival A"]
[Site "Arco ITA"]
[Date "2011.10.22"]
[Round "1"]
[White "Niccoli, Paolo"]
[Black "De Polzer, Manfredi"]
[Result "1-0"]
[WhiteElo "1943"]
[BlackElo "1706"]
[PlyCount "43"]
[EventDate "2011.10.22"]

1. e4 c5 2. Nf3 Nc6 3. d4 cxd4 4. Nxd4 d6 5. Nc3 g6 6. Be3 Bg7 7. Qd2 Nf6 8. f3
O-O 9. Bc4 a6 10. O-O-O Bd7 11. g4 Rc8 12. Bb3 Na5 13. h4 Nxb3+ 14. axb3 h5 15.
Bh6 hxg4 16. h5 gxf3 17. hxg6 Ng4 18. Bxg7 Kxg7 19. Nf5+ Bxf5 20. exf5 Rh8 21.
Qg5 Nf6 22. gxf7+ 1-0

[Event "XXXIII Festival A"]
[Site "Arco ITA"]
[Date "2011.10.22"]
[Round "1"]
[White "Paehtz, Thomas sr"]
[Black "Hocke, Sebastian"]
[Result "1-0"]
[WhiteElo "2437"]
[BlackElo "1904"]
[PlyCount "31"]
[EventDate "2011.10.22"]

1. e4 c5 2. Nf3 d6 3. d4 cxd4 4. Nxd4 Nf6 5. f3 e5 6. Nb3 Be6 7. c4 Be7 8. Be3
Qc7 9. N3d2 Nbd7 10. Nc3 a6 11. Be2 O-O 12. O-O Rfc8 13. a4 Qa5 14. Qb1 Qb4 15.
a5 Nc5 16. Ra3 1-0

[Event "XXXIII Festival A"]
[Site "Arco ITA"]
[Date "2011.10.22"]
[Round "1"]
[White "Pistone, Salvatore"]
[Black "Von Wantoch, Markus"]
[Result "0-1"]
[WhiteElo "1671"]
[BlackElo "1923"]
[PlyCount "45"]
[EventDate "2011.10.22"]

1. c4 Nf6 2. Nc3 c5 3. Nf3 Nc6 4. d4 cxd4 5. Nxd4 g6 6. e3 Bg7 7. Be2 d6 8. O-O
O-O 9. a3 a5 10. b3 d5 11. Nxc6 bxc6 12. Rb1 dxc4 13. Bxc4 Bf5 14. Ra1 Ne4 15.
Nxe4 Bxa1 16. Ng3 Qxd1 17. Rxd1 Rfd8 18. Rxd8+ Rxd8 19. e4 Rd1+ 20. Bf1 Be6 21.
Be3 Bxb3 22. Bc5 Bc4 23. Bxe7 0-1

[Event "XXXIII Festival A"]
[Site "Arco ITA"]
[Date "2011.10.22"]
[Round "1"]
[White "Prelati, Maurizio"]
[Black "Maddaloni, Giovanni"]
[Result "1-0"]
[WhiteElo "2012"]
[BlackElo "1774"]
[PlyCount "102"]
[EventDate "2011.10.22"]

1. e4 c5 2. Nc3 Nc6 3. f4 g6 4. Nf3 Bg7 5. Bb5 e6 6. Bxc6 bxc6 7. e5 d5 8. exd6
Qxd6 9. d3 Nf6 10. O-O O-O 11. Qe2 Nd5 12. Ne5 Nxc3 13. bxc3 Ba6 14. Ba3 Rfd8
15. Qe3 Bf8 16. Qe4 Qd5 17. Rfe1 Qxe4 18. Rxe4 Rac8 19. Ra4 Bb5 20. Rxa7 Ra8
21. Rxa8 Rxa8 22. Bb2 Ba4 23. Rc1 Bh6 24. g3 Ra7 25. Kf2 f6 26. Ng4 Bg7 27. c4
Kf7 28. Ke2 h5 29. Nf2 f5 30. Bxg7 Kxg7 31. Nd1 Kf6 32. Nc3 e5 33. fxe5+ Kxe5
34. Kd2 Kf6 35. Rb1 g5 36. Rb8 h4 37. Rf8+ Kg6 38. Rg8+ Kf6 39. gxh4 gxh4 40.
h3 Ra6 41. Rg2 Ra8 42. Ke3 Ra7 43. Kf4 Ra6 44. Nd1 Rb6 45. Nc3 Ra6 46. Re2 Ra7
47. a3 Ra6 48. Nxa4 Rxa4 49. Re5 Rxa3 50. Rxf5+ Ke6 51. Re5+ Kf6 1-0

[Event "XXXIII Festival A"]
[Site "Arco ITA"]
[Date "2011.10.22"]
[Round "1"]
[White "Pretto, Aldo"]
[Black "Beltrami, Nerio"]
[Result "0-1"]
[WhiteElo "1732"]
[BlackElo "1961"]
[PlyCount "86"]
[EventDate "2011.10.22"]

1. c4 Nf6 2. g3 g6 3. Bg2 Bg7 4. Nc3 O-O 5. d3 d6 6. Rb1 Nbd7 7. e4 e5 8. Nge2
c6 9. O-O h5 10. Bg5 Nc5 11. Qd2 Kh7 12. h3 Ne6 13. Be3 Ng8 14. f4 Nd4 15. Kh2
f5 16. Ng1 Nh6 17. Nf3 Nxf3+ 18. Bxf3 Be6 19. b3 Qf6 20. Ne2 c5 21. fxe5 dxe5
22. Bxc5 Rfd8 23. Be3 Rd7 24. Bg5 Qf8 25. Nc3 Nf7 26. Nd5 Bxd5 27. cxd5 Nxg5
28. Qxg5 Bh6 29. Qh4 f4 30. g4 Rc8 31. Rbc1 Rdc7 32. Rxc7+ Rxc7 33. gxh5 Rc2+
34. Rf2 g5 35. Rxc2 gxh4 36. Bg4 f3 37. Bf5+ Kg7 38. Rc7+ Kf6 39. Bg6 Bf4+ 40.
Kg1 Qb4 41. Rf7+ Kg5 42. Rf5+ Kh6 43. Rxf4 Qe1+ 0-1

[Event "XXXIII Festival A"]
[Site "Arco ITA"]
[Date "2011.10.22"]
[Round "1"]
[White "Qendro, Llambi"]
[Black "Fusari, Paolo"]
[Result "1-0"]
[WhiteElo "2342"]
[BlackElo "1897"]
[PlyCount "53"]
[EventDate "2011.10.22"]

1. d4 c5 2. d5 f5 3. c4 Nf6 4. Nc3 g6 5. g3 Bg7 6. Bg2 d6 7. Nh3 Na6 8. Nf4 Nc7
9. h4 O-O 10. h5 g5 11. h6 gxf4 12. hxg7 Rf7 13. Bxf4 Rxg7 14. Qd2 a6 15. e4 b5
16. e5 Ng4 17. e6 bxc4 18. Rh5 Rb8 19. Rxf5 Nb5 20. Nxb5 axb5 21. O-O-O b4 22.
Bh6 Nxh6 23. Qxh6 c3 24. Be4 cxb2+ 25. Kb1 Qe8 26. Rg5 Rxg5 27. Bxh7+ 1-0

[Event "XXXIII Festival A"]
[Site "Arco ITA"]
[Date "2011.10.22"]
[Round "1"]
[White "Romanishin, Oleg M."]
[Black "Roessner, Uwe"]
[Result "1-0"]
[WhiteElo "2537"]
[BlackElo "1909"]
[PlyCount "25"]
[EventDate "2011.10.22"]

1. d4 d6 2. g3 e5 3. dxe5 dxe5 4. Qxd8+ Kxd8 5. Nc3 c6 6. f4 Be6 7. Nf3 exf4 8.
Bxf4 f6 9. O-O-O+ Nd7 10. Nd4 Bf7 11. Bh3 Be8 12. Ne6+ Ke7 13. Nc7 1-0

[Event "XXXIII Festival A"]
[Site "Arco ITA"]
[Date "2011.10.22"]
[Round "1"]
[White "Salati, Paolo"]
[Black "La Manna, Andrea"]
[Result "1-0"]
[WhiteElo "1865"]
[BlackElo "2189"]
[PlyCount "69"]
[EventDate "2011.10.22"]

1. e4 d5 2. e5 c5 3. Nf3 Nc6 4. h3 g6 5. c3 Bg7 6. d4 h5 7. Bb5 cxd4 8. cxd4
Nh6 9. Nc3 Bf5 10. O-O Qd7 11. Ng5 f6 12. exf6 Bxf6 13. Qf3 Rd8 14. Ne2 O-O 15.
Bxc6 bxc6 16. Re1 Rde8 17. Qe3 Bg7 18. Nf4 e5 19. dxe5 Bxe5 20. Qg3 Bg7 21. Nf3
Rxe1+ 22. Nxe1 Qe7 23. Nf3 Qf6 24. Ne2 Be4 25. Ng5 Bf5 26. Qc3 Qe7 27. Qe3 Qxe3
28. Bxe3 Bxb2 29. Re1 Nf7 30. Nxf7 Rxf7 31. Nd4 Bd7 32. Nf3 a5 33. Bc5 Bf5 34.
Re8+ Kh7 35. Rg8 1-0

[Event "XXXIII Festival A"]
[Site "Arco ITA"]
[Date "2011.10.22"]
[Round "1"]
[White "Sigillo, Carmelo"]
[Black "Loi, Andrea"]
[Result "1/2-1/2"]
[WhiteElo "1773"]
[BlackElo "1993"]
[PlyCount "48"]
[EventDate "2011.10.22"]

1. e4 d5 2. exd5 Qxd5 3. Nc3 Qa5 4. d4 Nf6 5. Bc4 Bg4 6. f3 Bh5 7. Bd2 Qb6 8.
Nge2 e6 9. Be3 c6 10. Qd2 Nd5 11. Nxd5 cxd5 12. Bb3 Nd7 13. Nf4 Bg6 14. h4 a5
15. c3 a4 16. Bd1 a3 17. b3 f5 18. Qe2 Bf7 19. Bd2 Nf6 20. Bc2 g6 21. g4 fxg4
22. fxg4 O-O-O 23. O-O Bg7 24. Nd3 Rhf8 1/2-1/2

[Event "XXXIII Festival A"]
[Site "Arco ITA"]
[Date "2011.10.22"]
[Round "1"]
[White "Sparber, Werner"]
[Black "Viviani, Alessio"]
[Result "0-1"]
[WhiteElo "1788"]
[BlackElo "2021"]
[PlyCount "52"]
[EventDate "2011.10.22"]

1. d4 Nf6 2. c4 g6 3. Nc3 Bg7 4. Nf3 O-O 5. e3 c5 6. Be2 cxd4 7. exd4 d5 8. c5
Nc6 9. Bb5 Ne4 10. Bxc6 bxc6 11. h3 Nxc3 12. bxc3 Ba6 13. Be3 f6 14. Bf4 e5 15.
Be3 e4 16. Ng1 f5 17. Qd2 Qa5 18. g3 Rab8 19. Rc1 Qa3 20. Ne2 Bd3 21. Nf4 Rb2
22. Qd1 Bc4 23. Ne6 Qxa2 24. Bd2 Bh6 25. Nf4 Bxf4 26. gxf4 Re8 0-1

[Event "XXXIII Festival A"]
[Site "Arco ITA"]
[Date "2011.10.22"]
[Round "1"]
[White "Tencheni, Maurizio"]
[Black "Ciola, Alberto"]
[Result "0-1"]
[WhiteElo "1647"]
[BlackElo "1915"]
[PlyCount "56"]
[EventDate "2011.10.22"]

1. c4 c5 2. Nc3 Nc6 3. g3 Nf6 4. Bg2 e6 5. Nf3 d5 6. cxd5 exd5 7. d4 c4 8. O-O
Be7 9. Bf4 a6 10. Ne1 O-O 11. Nc2 Be6 12. Ne3 b5 13. Bg5 Rc8 14. Bxf6 Bxf6 15.
Nexd5 Bxd4 16. a3 Bxd5 17. Bxd5 Bxc3 18. bxc3 Qf6 19. Qc2 Na5 20. Rad1 Rcd8 21.
Bg2 Nb3 22. a4 Qe5 23. Bb7 Nc5 24. axb5 Nxb7 25. bxa6 Nc5 26. Ra1 Ra8 27. a7
Qc7 28. Qa2 Nb3 0-1

[Event "XXXIII Festival A"]
[Site "Arco ITA"]
[Date "2011.10.22"]
[Round "1"]
[White "Valenti, Giuseppe"]
[Black "Roversi, Stefano"]
[Result "1-0"]
[WhiteElo "2136"]
[BlackElo "1822"]
[PlyCount "64"]
[EventDate "2011.10.22"]

1. e4 c5 2. Nf3 Nc6 3. d4 cxd4 4. Nxd4 a6 5. Nc3 e6 6. g3 Nge7 7. Nb3 Ng6 8.
Bg2 Be7 9. O-O O-O 10. h4 f5 11. exf5 Rxf5 12. Be4 Rf7 13. Qh5 Nf8 14. Be3 d5
15. Rad1 Qc7 16. Bg2 Bd7 17. Rfe1 Rf5 18. Qe2 Rc8 19. Bh3 Rf7 20. Bg2 b5 21.
Bf4 Qa7 22. Nxd5 exd5 23. Bxd5 Bf6 24. Bxf7+ Kxf7 25. Qh5+ Kg8 26. Qd5+ Kh8 27.
c3 Bg4 28. Rd2 Ne7 29. Qe4 Bf5 30. Qe2 Bh3 31. Kh2 Be6 32. Bd6 Bc4 1-0